Random city to country #2 - Statistics

General Stats
  • This quiz has been taken 72 times
  • The average score is 17 of 20
Answer Stats
City Country % Correct
Wuhan China
92%
Helsinki Finland
92%
Bologna Italy
92%
Calgary Canada
91%
Bremen Germany
91%
Nairobi Kenya
91%
Auckland New Zealand
91%
Pyongyang North Korea
91%
Taipei Taiwan
91%
Sofia Bulgaria
88%
Nicosia Cyprus
88%
Port-au-Prince Haiti
88%
The Hague Netherlands
88%
Muscat Oman
86%
Bratislava Slovakia
86%
Lansing United States
86%
Colombo Sri Lanka
80%
Vaduz Liechtenstein
78%
Salvador Brazil
58%
Fucking Austria
41%
No matching quizzes found
Score Distribution
Percent of People with Each Score
Percentile by Number Answered
Your Score History
You have not taken this quiz